000 00914nam0a22002891 4500
001 v19\rc\1689902
005 20061002153225.2
035 _a(NLR Aleph) 004793995
090 _a4758995
_c4758995
100 _a20061002d1896 |||y0rusy50 ca
101 0 _arus
102 _aRU
105 _ay z |||||
200 1 _aСердце - не каменное
_f[Соч.] А. Щепкиной
210 _aМосква
_cО-во распространения полез. книг
_d1896
215 _a32 с.
_d17
225 1 _aРассказы из русского быта
300 _aНа тит. л.: № 717
700 1 _aЩепкина
_bА. В.
_gАлександра Владимировна
801 0 _aRU
_bNLR
_gpsbo
801 0 _aRU
_bRuMoRGB
_2psbo
801 1 _aRU
_bProSoft-M
_2rusmarc
852 _aNLR
_j20.96.4.359
899 _aRuMoRGB
_jM 35/533
899 _aГПИБ
942 _cBOOK
980 _aNB